Télévision - Série "Meurtres à ..." - Statistiques

Statistiques générales
  • Ce quiz a été pris 49 fois
    24 depuis la dernière actualisation
  • Le résultat moyen est 38 sur 108
Statistiques - réponses
Saison / épisode Initiale(s) Meurtres ... % Correct
Saison 2 202 Y à l'île d'{Yeu}
87%
Saison 3 305 R à l'île de {Ré}
80%
Saison 8 808 T à {Toulouse}
80%
Saison 7 702 L à {Lille}
73%
Saison 3 306 L sur le lac {Léman}
73%
Saison 1 104 R à l'abbaye de {Rouen}
67%
Saison 1 103 R à {Rocamadour}
67%
Saison 1 101 SM à {Saint-Malo}
67%
Saison 2 205 MV au {Mont Ventoux}
67%
Saison 5 505 O au pays d'{Oléron}
67%
Saison 10 1003 V dans les gorges du {Verdon}
67%
Saison 10 1002 SM Nouveaux meurtres à {Saint-Malo}
67%
Saison 9 911 A à {Amiens}
60%
Saison 3 302 LR à {La Rochelle}
60%
Saison 5 504 O à {Orléans}
60%
Saison 1 102 PB au {Pays basque}
60%
Saison 4 403 M en {Martinique}
60%
HS HS13 LH Mémoire de sang {Le Havre}
60%
Saison 8 805 A à {Albi}
53%
Saison 3 304 A à {Avignon}
53%
Saison 4 405 S à {Strasbourg}
53%
Saison 9 906 MSM au {Mont-Saint-Michel}
53%
Saison 7 706 J dans le {Jura}
53%
HS HS20 R La malédiction du volcan {Réunion}
53%
HS HS02 S Le vagabond de la baie de {Somme}
53%
Saison 10 1007 B à {Bayeux}
47%
Saison 2 204 C à {Carcassonne}
47%
Saison 7 701 C à {Colmar}
47%
Saison 4 402 D à {Dunkerque}
47%
Saison 2 203 E à {Etretat}
47%
Saison 10 1008 C dans le {Cantal}
47%
Saison 6 604 M dans le {Morvan}
47%
Saison 10 1009 G en {Guadeloupe}
47%
HS HS12 T Les mystères de la basilique {Tours}
47%
Saison 10 1005 CF sur la {Côte Fleurie}
47%
Saison 9 907 F sur les îles du {Frioul}
47%
Saison 4 404 AEP à {Aix-en-Provence}
40%
Saison 10 1012 A à {Arles}
40%
Saison 9 905 B à {Blois}
40%
Saison 4 401 LC à {La Ciotat}
40%
Saison 9 902 M à {Mulhouse}
40%
Saison 9 912 N à {Nancy}
40%
Saison 8 806 PLE à {Pont-l'Evêque}
40%
Saison 5 501 L dans les {Landes}
40%
Saison 3 303 B en {Bourgogne}
40%
Saison 9 913 C en {Champagne}
40%
Saison 7 707 C en {Corrèze}
40%
Saison 6 602 HS en {Haute-Savoie}
40%
Saison 8 801 PC en {Pays cathare}
40%
Saison 10 1013 S Le vent des {Sables}
40%
HS HS27 L {Lourdes} En attendant un miracle
40%
HS HS22 B Maddy Etcheban {Bayonne}
40%
Saison 10 1010 L sur les iles de {Lérins}
40%
Saison 2 201 G à {Guérande}
33%
Saison 8 807 PDR à la {Pointe du Raz}
33%
Saison 9 908 P à {Porquerolles}
33%
Saison 6 605 L en {Lorraine}
33%
HS HS32 B La malédiction du lys {Bordeaux}
33%
HS HS15 H Les fantômes du {Havre}
33%
HS HS06 CC Tensions au {Cap Corse}
33%
Saison 7 703 BI à {Belle-Ile}
27%
Saison 8 802 C à {Cayenne}
27%
Saison 8 803 C à {Cognac}
27%
Saison 10 1006 F-R à {Font-Romeu}
27%
Saison 8 804 G à {Granville}
27%
Saison 9 914 PA à {Pont-Aven}
27%
HS HS10 SPDV à {Saint-Paul-de-Vence}
27%
HS HS18 P en {Provence}
27%
HS HS11 V Les disparus de {Valenciennes}
27%
HS HS17 L Les ombres de {Lisieux}
27%
HS HS30 K Menace sur {Kermadec}
27%
Saison 6 603 BLB à {Brides-les-Bains}
20%
Saison 9 909 F à {Figeac}
20%
Saison 4 403 G à {Grasse}
20%
Saison 9 903 MG à {Marie-Galante}
20%
Saison 5 503 S à {Sarlat}
20%
Saison 7 704 T à {Tahiti}
20%
Saison 9 904 TV dans les {Trois vallées}
20%
Saison 5 502 A en {Auvergne}
20%
Saison 9 901 B en {Berry}
20%
HS HS01 P La disparue du {Pyla}
20%
HS HS24 CDM Le canal des secrets {Canal du Midi}
20%
HS HS19 V Le pont des oubliés {Vercors}
20%
HS HS35 SDO Les secret du paquebot {Sables d'Olonne}
20%
HS HS03 B L'inconnue de {Brocéliande}
20%
HS HS31 A Meurtre au bord de l'{Ardèche}
20%
HS HS29 A Meurtres à {Angoulême}
20%
HS HS33 V Meurtres en {Vendée}
20%
Saison 10 1004 C à {Chantilly}
13%
Saison 3 301 C à {Collioure}
13%
Saison 10 1001 B en {Béarn}
13%
Saison 7 705 C en {Cotentin}
13%
HS HS09 S en {Savoie}
13%
HS HS21 P La malédiction de {Provins}
13%
Saison 10 1011 S Le fantôme des {Saintes}
13%
HS HS26 LR Les secrets du château {La Rochefoucauld}
13%
HS HS05 LB Sources assassines {La Bourboule}
13%
Saison 9 910 A à {Amboise}
7%
HS HS14 OB à {Omaha Beach}
7%
HS HS23 S-V L'archer noir {Sainte-Victoire}
7%
Saison 6 601 C en {Cornouaille}
0%
HS HS28 C Les bois maudits {Chartreuse}
0%
HS HS08 C Les crimes silencieux {Courrières}
0%
HS HS07 A Le secret de l'abbaye {Aiguebelle}
0%
HS HS04 IDA Les mystères de l'île {ile d'Aix}
0%
HS HS16 BG Les mystères du {Bois Galant}
0%
HS HS34 V Mémoires à Vif {Valbonne}
0%
HS HS25 U {Uckange} Amours à mort
0%
Aucun quiz correspondant
Distribution des résultats
% des personnes avec chaque résultat
Percentile par nombre de réponses
Votre historique - résultats
Vous n’avez pas pris ce quiz depuis la dernière actualisation